Hydraulics and Fluid Mechanics Including Hydraulics Machines (Record no. 53985)
[ view plain ]
| 000 -LEADER | |
|---|---|
| fixed length control field | 00406nam a22001457a 4500 |
| 082 ## - DEWEY DECIMAL CLASSIFICATION NUMBER | |
| Classification number | 621.81MOD |
| 100 ## - MAIN ENTRY--AUTHOR NAME | |
| Personal name | Modi, P.N |
| 245 ## - TITLE STATEMENT | |
| Title | Hydraulics and Fluid Mechanics Including Hydraulics Machines |
| 260 ## - PUBLICATION, DISTRIBUTION, ETC. (IMPRINT) | |
| Place of publication | New Delhi: |
| Name of publisher | Standard Book House, |
| Year of publication | 2011. |
| 650 ## - SUBJECT ADDED ENTRY--TOPICAL TERM | |
| Topical Term | Fluid Mechanics |
| 650 ## - SUBJECT ADDED ENTRY--TOPICAL TERM | |
| Topical Term | Hydraulics |
| 700 ## - ADDED ENTRY--PERSONAL NAME | |
| Personal name | Seth, S.M. |
| 856 ## - ELECTRONIC LOCATION AND ACCESS | |
| Uniform Resource Identifier | http://10.10.170.122:8080/browse/book/20643 |
| 942 ## - ADDED ENTRY ELEMENTS (KOHA) | |
| Koha item type | Books |
No items available.